000 01397nam0a22002891 4500
001 rc\4587616
005 20130416192158.6
035 _a(NLR Aleph) 008382158
090 _a9124552
_c9124552
100 _a20130416d1967 |||y0rusy50 ca
101 0 _arus
102 _aRU
105 _ay z |||||
200 1 _aМетодическое пособие по учету количественного влияния основных факторов на себестоимость добычи угля
_fМ-во угольной пром-сти СССР. Отд. техн. информации Упр. угольной пром-сти Каз. ССР. Караганд. науч.-исслед. угольный ин-т
210 _aКараганда
_cБ. и.
_d1967
215 _a8 с.
_d20
300 _aОтпеч. множит. аппаратом
300 _aНа обороте тит. л.: принимали участие Иванченко Г.Е., Лепихин В.Ф., Шумкина А.С. [и др.]
333 _aДля служебного пользования. Экз. № 000005
702 1 _aЛепихин
_bВ. Ф.
_4570
702 1 _aИванченко
_bГ. Е.
_gГеоргий Евтихиевич
_4570
702 1 _aШумкина
_bА. С.
_4570
801 0 _aRU
_bNLR
_gpsbo
801 1 _aRU
_bELAR
_2rusmarc
852 _aNLR
_j50К/13463
942 _cBOOK
980 _aNB